LEADER 03017nam 2200637 450 001 9910460441003321 005 20200520144314.0 010 $a1-119-09229-9 035 $a(CKB)3710000000402060 035 $a(EBL)2033697 035 $a(SSID)ssj0001535736 035 $a(PQKBManifestationID)11935972 035 $a(PQKBTitleCode)TC0001535736 035 $a(PQKBWorkID)11502182 035 $a(PQKB)10353769 035 $a(MiAaPQ)EBC2033697 035 $a(Au-PeEL)EBL2033697 035 $a(CaPaEBR)ebr11047034 035 $a(CaONFJC)MIL783571 035 $a(OCoLC)908030476 035 $a(EXLCZ)993710000000402060 100 $a20150511h20152015 uy 0 101 0 $aeng 135 $aur|n|---||||| 181 $ctxt 182 $cc 183 $acr 200 14$aThe BIM manager's handbook$iChange management$hEPart 2 $eguidance for professionals in architecture, engineering, and construction /$fDominik Holzer 210 1$aWest Sussex, England :$cWiley,$d2015. 210 4$dİ2015 215 $a1 online resource (39 p.) 300 $aDescription based upon print version of record. 311 $a1-119-16127-4 311 $a1-119-09230-2 327 $aThe BIM Manager's Handbook: Guidance for Professionals in Architecture, Engineering, and Construction: Change Management: ePart 2; Change Management; Technology as a Driver for Innovation and Change; The Cultural Dimension of Change . . . and Its Management; The Social and Organizational Context to Change; BIM Managers: Facilitators of Change; Interfacing with Your Organization's Leadership and Management; BIM's Push and Pull; Decision Makers Who Do Not Understand BIM; Lacking Support from the Top; Becoming a Manager; Learning to Lobby; The Inside Man; Selling Value Back to the Business 327 $aOvercoming Change Resistance and Managing ExpectationsThat BIM Thing Looks Amazing, Just Not on My Project!; Bridging the "Us vs. Them" Schism; Developing a Network; Tips and Tricks; The Design Technology and BIM Audit; Set Up and Run a Design Technology/BIM Audit:; What Should Be Asked During the Audit?; Change Management Workshops and Seminars; Endnotes; EULA 606 $aArchitects and builders$vHandbooks, manuals, etc 606 $aArchitectural practice$vHandbooks, manuals, etc 606 $aBuilding$xComputer simulation$vHandbooks, manuals, etc 606 $aBuilding information modeling$vHandbooks, manuals, etc 606 $aBuilding management$xData processing$vHandbooks, manuals, etc 608 $aElectronic books. 615 0$aArchitects and builders 615 0$aArchitectural practice 615 0$aBuilding$xComputer simulation 615 0$aBuilding information modeling 615 0$aBuilding management$xData processing 676 $a690 700 $aHolzer$b Dominik$0848433 801 0$bMiAaPQ 801 1$bMiAaPQ 801 2$bMiAaPQ 906 $aBOOK 912 $a9910460441003321 996 $aThe BIM manager's handbook$91895129 997 $aUNINA LEADER 01199nam0 22003131i 450 001 UON00345868 005 20231205104319.312 010 $a38-579-1082-8 100 $a20091117d1984 |0itac50 ba 101 $ager 102 $aCH 105 $a|||| 1|||| 200 1 $aReportagen aus der Schweiz$fNiklaus Meienberg$gVorwort von Peter Bichsel 210 $aZürich$cLimmat Verlag Genossenschaft$dc1984 215 $a240 p.$cill.$d21 cm. 606 $aSVIZZERA$xBiografie$3UONC069378$2FI 606 $aSVIZZERA$xCultura$xSec. 20.$3UONC067037$2FI 606 $aSVIZZERA$xVita sociale$3UONC067025$2FI 620 $aCH$dZürich$3UONL003145 676 $a949.407$cStoria della Svizzera, 1900-$v21 700 1$aMEIENBERG$bNiklaus$3UONV173527$0695880 702 1$aBichsel$bPeter$3UONV173528 712 $aLimmat$3UONV273840$4650 801 $aIT$bSOL$c20250307$gRICA 899 $aSIBA - SISTEMA BIBLIOTECARIO DI ATENEO$2UONSI 912 $aUON00345868 950 $aSIBA - SISTEMA BIBLIOTECARIO DI ATENEO$dSI TED 26 I MEI 02 $eSI LO 52839 5 02 996 $aReportagen aus der Schweiz$91358618 997 $aUNIOR LEADER 01733nam 2200301 u 450 001 9910987819203321 005 20230705092308.0 010 $a1-63667-086-5 035 $a(CKB)27406975300041 035 $a(BIP)091062338 035 $a(BIP)087408583 035 $a(EXLCZ)9927406975300041 100 $a20230705d2023 uy 0 101 0 $aeng 200 10$aCombatant: A Che Guevara Enigma 210 $cPeter Lang$d2023 215 $a1 online resource (XX, 80 p.) 311 $a9781636670874 330 8 $aIs it possible that more than 50 years after the assassination of Che Guevara, and after hundreds and perhaps thousands of biographers, analysts, journalists, and scientists researching the life and legacy of Che Guevara, it has not yet been discovered that one of Guevara's articles was published with a pseudonym in July 1967 in the most important journal of social sciences in Cuba, Pensamiento Cri?tico? The author of this book proposes an affirmative answer to this question, revealing for the first time at a worldwide level, Che Guevara's possible authorship of a brilliant article studying the Bolivia situation in 1967, at the same time that Guevara's National Liberation Army of Bolivia was fighting against the military dictatorship of Rene Barrientos. The book provides a dense and rich series of arguments to prove this audacious historical conjecture. The reader must judge if these arguments are convincing or not. 610 $aLatin America 610 $aUnited States 676 $a984.05/2 700 $aAguirre Rojas$b Carlos Antonio$0256003 702 $aMazer$b Noah$4trl 906 $aBOOK 912 $a9910987819203321 996 $aCombatant: A Che Guevara Enigma$94347411 997 $aUNINA